Normal view
MARC view
Entry Personal Name
001 - CONTROL NUMBER
- control field: 14440
003 - CONTROL NUMBER IDENTIFIER
- control field: BD-RjUL
005 - DATE AND TIME OF LATEST TRANSACTION
- control field: 20241126165112.0
008 - FIXED-LENGTH DATA ELEMENTS
- fixed length control field: 241126|| aca||aabn | a|a d
040 ## - CATALOGING SOURCE
- Original cataloging agency: BD-RjUL
- Transcribing agency: BD-RjUL
100 ## - HEADING--PERSONAL NAME
- Personal name: Bhuiyan, Md. Fajiul Kabir
670 ## - SOURCE DATA FOUND
- Source citation: Work cat.: (BD-RjUL)84373: Bhuiyan, Md. Fajiul Kabir, Exploring the associations of arsenic exposure with depression / , 2023